000
00303nam a2200121Ia 4500
008
191201s2007 xx 000 0 und d
100
_a
SCHILDT, Herbert
245
0
_a
Windows 2000 Programming from the Ground Up
260
_a
N.Delhi
_b
TMH
_c
2007
300
_a
-
650
_a
B.Tech(IT)
942
_2
ddc
_c
BK
999
_c
2954
_d
2954